01094cam a2200253 4500001001300000003000400013005001700017008004100034010001700075025001900092040001800111050002200129110010500151245012100256250001200377260008700389300002300476500001700499505014500516650004700661650003300708710008200741999001700823sa 68015441 DLC20260227112643.0700413m19651966ii 000 0 eng  asa 68015441  aPL480:I-E-6908 aDLCcDLCdDLC00aTA104.P8bA5 19651 aPunjab, India (State).bBuildings and Roads, Irrigation, Public Health Branches and Capital Project.10aInterim common schedule of rates in metric units.cIssued by the chief engineer, P.W.D., Buildings and Roads Branch. a1st ed. aChandiragh,bPrinted by the Controller of Print. and Stationery, Punjab,c1965-66. a4 v. in 2.c33 cm. aCover title.0 av. 1. For works in plains.--v. 2. For works in hilly areas.--v. 3. For public works.--v. 4. Electric installation both for plains and hills. 0aEngineeringzIndiazPunjab (State)xCosts. 0aPublic workszIndiazPunjab.1 aPunjab, India (State).bPublic Works Department.bBuildings and Roads Branch. c86454d86454